Statistics for Merged NFL Logos

Click here to take the quiz!

General Stats

  • This quiz has been taken 20,666 times
  • The average score is 14 of 16

Answer Stats

Answer% Correct
Dallas Eagles
Philadelphia Cowboys
96%
Atlanta Packers
Green Bay Falcons
95%
Baltimore Giants
New York Ravens
95%
Chicago Lions
Detroit Bears
95%
Carolina Saints
New Orleans Panthers
91%
Arizona Colts
Indianapolis Cardinals
90%
Kansas City Bills
Buffalo Chiefs
90%
New York Seahawks
Seattle Jets
90%
Houston Buccaneers
Tampa Bay Texans
88%
Cincinnati Chargers
Los Angeles Bengals
87%
Cleveland Broncos
Denver Browns
87%
Jacksonville 49ers
San Francisco Jaguars
87%
Miami Patriots
New England Dolphins
86%
Las Vegas Vikings
Minnesota Raiders
85%
Tennessee Commanders
Washington Titans
84%
Los Angeles Steelers
Pittsburgh Rams
83%

Score Distribution

Percentile by Number Answered

Percent of People with Each Score

Your Score History

You have not taken this quiz